<?xml version="1.0" encoding="UTF-8"?><?xml-stylesheet type="text/xsl" href="static/style.xsl"?><OAI-PMH xmlns="http://www.openarchives.org/OAI/2.0/" xmlns:xsi="http://www.w3.org/2001/XMLSchema-instance" xsi:schemaLocation="http://www.openarchives.org/OAI/2.0/ http://www.openarchives.org/OAI/2.0/OAI-PMH.xsd"><responseDate>2026-04-17T18:52:14Z</responseDate><request verb="GetRecord" identifier="oai:www.recercat.cat:2072/473125" metadataPrefix="marc">https://recercat.cat/oai/request</request><GetRecord><record><header><identifier>oai:recercat.cat:2072/473125</identifier><datestamp>2025-05-08T15:05:13Z</datestamp><setSpec>com_2072_98</setSpec><setSpec>col_2072_378192</setSpec></header><metadata><record xmlns="http://www.loc.gov/MARC21/slim" xmlns:dcterms="http://purl.org/dc/terms/" xmlns:xsi="http://www.w3.org/2001/XMLSchema-instance" xmlns:doc="http://www.lyncode.com/xoai" xsi:schemaLocation="http://www.loc.gov/MARC21/slim http://www.loc.gov/standards/marcxml/schema/MARC21slim.xsd">
   <leader>00925njm 22002777a 4500</leader>
   <datafield ind2=" " ind1=" " tag="042">
      <subfield code="a">dc</subfield>
   </datafield>
   <datafield ind2=" " ind1=" " tag="720">
      <subfield code="a">Sierra Noguero, Eliseo</subfield>
      <subfield code="e">author</subfield>
   </datafield>
   <datafield ind2=" " ind1=" " tag="260">
      <subfield code="c">2023</subfield>
   </datafield>
   <datafield ind2=" " ind1=" " tag="520">
      <subfield code="a">Se analizan los principales casos judiciales británicos, españoles y comunitarios que han debido resolver si las habituales cláusulas de ley aplicable y convenio arbitral de los seguros de protección e indemnización son o no oponibles al tercero perjudicado por las acciones del armador asegurado. En Derecho británico, se considera oponible, al igual que en Derecho español desde la sentencia "Seabank" de 2003. No obstante, el Tribunal de Justicia de la Unión Europea en en caso "Prestige" de 2022 considera que el convenio arbitral no puede ser oponible al tercero perjudicado que ejerce la acción directa contra el asegurador de responsabilidades civiles marítimas.</subfield>
   </datafield>
   <datafield ind2=" " ind1=" " tag="520">
      <subfield code="a">The content is the analysis of the main British, Spanish and European court cases that have had to resolve whether the usual clauses of applicable law and arbitration agreement of whether protection and indemnity insurance are enforceable or not against the injured third party by the actions of the insured shipowner. In British Law, it is considered opposable, as in Spanish Law since the "Seabank" judgment of 2003. However, the Court of Justice of the European Union in the "Prestige" case of 2022 considers that the arbitration agreement cannot be opposable to the injured third party who exercises direct action against the maritime civil liability insurer.</subfield>
   </datafield>
   <datafield tag="653" ind2=" " ind1=" ">
      <subfield code="a">Applicable law</subfield>
   </datafield>
   <datafield tag="653" ind2=" " ind1=" ">
      <subfield code="a">Arbitral Agreement</subfield>
   </datafield>
   <datafield tag="653" ind2=" " ind1=" ">
      <subfield code="a">Direct Action</subfield>
   </datafield>
   <datafield tag="653" ind2=" " ind1=" ">
      <subfield code="a">Maritime insurance</subfield>
   </datafield>
   <datafield tag="653" ind2=" " ind1=" ">
      <subfield code="a">P&amp;I Club</subfield>
   </datafield>
   <datafield ind2="0" ind1="0" tag="245">
      <subfield code="a">Estudio de Derecho español, inglés y comunitario sobre la extensión al tercero perjudicado del convenio arbitral y de ley aplicable del seguro marítimo de responsabilidad civil</subfield>
   </datafield>
</record></metadata></record></GetRecord></OAI-PMH>